000 00643nam a22002057a 4500
999 _c14556
_d14556
003 MIRAKIL
005 20211019120533.0
008 211019b tu ||||| |||| 00| 0 tur d
040 _aTR-AnCHP
_cTR-AnCHP
041 _aTur
082 _a923.556
_bA62y 1957
100 _aApak, Rahmi
245 1 0 _aYetmişlik bir subayın hatıraları /
_cRahmi Apak.
260 _aAnkara:
_b[yay.y],
_c1957.
_fE. U. Basımevi.
300 _a284 s.:
_bfotg.;
_c24 sm.
600 0 _96772
_aApak, Rahmi
_cTürk asker ve siyasetçi
_d1887-1963
_xAnılar
650 0 _9908
_aTürkiye
_xTarih
650 0 _96187
_aKurtuluş savaşı
_xTarih
_zTürkiye
942 _2ddc
_cBKS